000 01184nmm a2200337 a 4500
001 ocm0002146197
003 TR-IsHL
005 20201028182115.0
008 190124s2017 tu tur
007 cr cn
020 _a9786059375368
035 _a2146197
_b(N$T)
050 0 4 _aPZ90.T8
_bP47 2017
090 0 4 _aPZ90.T8
_bP47 2017
100 1 _aPerktaş, Ezgi
245 1 0 _aA'dan Z'ye hastane (oyunlu alfabe): sağlık hikayeleri 8
_h[electronic resource] /
_cEzgi Perktaş ; resimleyen Duygu Gezer ; editör Mustafa Can
250 _a1. Baskı
260 _aİstanbul :
_bÇamlıca Çocuk Yayınları,
_c2017
300 _a24 p.
500 _a4 yaş ve üzeri
650 4 _aDil ve Edebiyat
650 4 _aLanguage and Literature
650 0 _aÇocuk öyküleri, Türk
650 0 _aChildren's stories, Turkish
650 0 _aResimli çocuk kitapları
650 0 _aIllustrated children's books
650 7 _aJUVENILE NONFICTION / Health & Daily Living / Diseases, Illnesses & Injuries
_2bisacsh
700 1 _aGezer, Duygu
700 1 _aCan, Mustafa
856 4 0 _uhttp://search.ebscohost.com/login.aspx?direct=true&scope=site&db=e011xww&AN=2146197
999 _c19914
_d19914